[Event "Bad Soden U14 op"]
[Site "Bad Soden"]
[Date "2019.10.05"]
[Round "7"]
[White "Klugstedt, Vincent C"]
[Black "Mueller, Maurice Pascal"]
[Result "1/2-1/2"]
[WhiteElo "1865"]
[BlackElo "1683"]
[PlyCount "59"]
[EventDate "2019.10.03"]
[EventType "swiss"]
[EventRounds "9"]
[EventCountry "GER"]
[SourceTitle "CBM 192 Extra"]
[Source "Chessbase"]
[SourceDate "2019.11.06"]
[SourceVersion "1"]
[SourceVersionDate "2019.11.06"]
[SourceQuality "1"]

1. d4 Nf6 2. c4 g6 3. Nc3 Bg7 4. e4 d6 5. f3 0-0 6. Be3 e5 7. Nge2 Nc6 8. d5 Ne7 9. Qd2 Ne8 10. g4 c6 11. Bh6 Nf5 12. Bg5 f6 13. Be3 Nxe3 14. Qxe3 c5 15. h4 f5 16. g5 fxe4 17. fxe4 Bg4 18. Qg3 Bh5 19. Bg2 Nc7 20. Kd2 a6 21. a4 Qd7 22. a5 Rab8 23. Na4 Qg4 24. Qxg4 Bxg4 25. Rhf1 Bxe2 26. Kxe2 Rf4 27. Rxf4 exf4 28. Rf1 Be5 29. Bh3 Na8 30. Nb6 1/2-1/2

[Event "Pfalz op-B 10th"]
[Site "Neustadt an der Weinstrasse"]
[Date "2019.03.02"]
[Round "2"]
[White "Werner, Tom"]
[Black "Mueller, Maurice Pascal"]
[Result "1/2-1/2"]
[WhiteElo "1762"]
[BlackElo "1580"]
[PlyCount "42"]
[EventDate "2019.03.01"]
[EventType "swiss"]
[EventRounds "7"]
[EventCountry "GER"]
[SourceTitle "CBM 189 Extra"]
[Source "ChessBase"]
[SourceDate "2019.05.31"]
[SourceVersion "1"]
[SourceVersionDate "2019.05.31"]
[SourceQuality "1"]

1. c4 c5 2. Nc3 Nc6 3. g3 g6 4. Bg2 Bg7 5. e3 d6 6. Nge2 Bd7 7. 0-0 Nf6 8. d4 cxd4 9. exd4 0-0 10. Be3 Ng4 11. h3 Nxe3 12. fxe3 Qc8 13. Kh2 Nd8 14. b3 Ne6 15. Nd5 Qd8 16. Qd2 Rb8 17. a4 Nc7 18. Nec3 Nxd5 19. Nxd5 e6 20. Nc3 a6 21. b4 Qc7 1/2-1/2

[Event "Rhein Main op-B 20th"]
[Site "Bad Homburg"]
[Date "2017.06.16"]
[Round "4"]
[White "Goodwin, David"]
[Black "Mueller, Maurice Pascal"]
[Result "0-1"]
[WhiteElo "1530"]
[BlackElo "1376"]
[PlyCount "120"]
[EventDate "2017.06.14"]
[EventType "swiss"]
[EventRounds "7"]
[EventCountry "GER"]
[SourceTitle "EXT 2018"]
[Source "ChessBase"]
[SourceDate "2017.10.13"]
[SourceVersion "1"]
[SourceVersionDate "2017.10.13"]
[SourceQuality "1"]

1. Nf3 d5 2. g3 Nf6 3. d3 Nc6 4. Bg2 Bf5 5. Nbd2 e5 6. 0-0 Bc5 7. c4 dxc4 8. Nxc4 0-0 9. Nfxe5 Nxe5 10. Nxe5 c6 11. Nf3 h6 12. a3 a5 13. Bd2 Qd6 14. Bf4 Qe6 15. Qc2 Bb6 16. e4 Bh3 17. Be3 Bxe3 18. fxe3 Bxg2 19. Kxg2 Ng4 20. Qe2 c5 21. h3 Ne5 22. Nxe5 Qxe5 23. Rf5 Qd6 24. Rc1 b6 25. Rd5 Qf6 26. Rf1 Qe6 27. Rff5 Qc6 28. Qg4 Qb5 29. Rf2 Rad8 30. Rxd8 Rxd8 31. Qf5 f6 32. d4 Qd3 33. d5 Qxe3 34. Qf3 Qd4 35. Qg4 Qe5 36. Qf4 Qd6 37. Qf5 b5 38. Rf4 b4 39. axb4 cxb4 40. Rf2 b3 41. Qf3 a4 42. Qc3 Ra8 43. Rf1 f5 44. Rxf5 a3 45. bxa3 Rxa3 46. Rf2 b2 47. Qxb2 Rxg3+ 48. Kf1 Rxh3 49. Qb7 Rh1+ 50. Ke2 Rh2 51. Qf7+ Kh8 52. Rxh2 Qxh2+ 53. Qf2 Qh5+ 54. Qf3 Qh2+ 55. Ke3 Qg1+ 56. Qf2 Qc1+ 57. Qd2 Qg1+ 58. Kd3 Qb1+ 59. Kd4 Qb6+ 60. Ke5 Qf6# 0-1

[Event "GER-chT U10"]
[Site "Magdeburg"]
[Date "2015.12.27"]
[Round "2.2"]
[White "Mueller, Maurice Pascal"]
[Black "Morczynski, Joachim"]
[Result "0-1"]
[WhiteElo "1002"]
[BlackElo "1205"]
[PlyCount "52"]
[EventDate "2015.12.27"]
[EventType "team-swiss"]
[EventRounds "7"]
[EventCountry "GER"]
[SourceTitle "EXT 2017"]
[Source "ChessBase"]
[SourceDate "2016.10.25"]
[SourceVersion "1"]
[SourceVersionDate "2016.10.25"]
[SourceQuality "1"]
[WhiteTeam "Landskrone"]
[BlackTeam "Berlin Schachpinguine II"]
[WhiteTeamCountry "GER"]
[BlackTeamCountry "GER"]

1. e4 e5 2. Nf3 Nc6 3. d4 d6 4. Bc4 Nf6 5. Ng5 d5 6. Bxd5 Nxd5 7. exd5 Qxd5 8. 0-0 Be7 9. Re1 0-0 10. Nc3 Qd7 11. Nce4 Qf5 12. Qh5 Bxg5 13. Nxg5 Qxc2 14. b3 Qg6 15. Qh3 h6 16. Ba3 Qxg5 17. Bxf8 Kxf8 18. Qd7 Qe7 19. Qxe7+ Kxe7 20. h3 Be6 21. dxe5 Rd8 22. Rec1 f6 23. Rc2 Kf7 24. Re1 Kg6 25. exf6 gxf6 26. Rxe6 Nd4 0-1